000 00782nam a2200229 a 4500
001 000020296
005 20240412074249.0
008 100804s2015 dr 000 p spa d
020 _a9789945588545
040 _aDO-SdBNP
_bspa
_cBNPHU
082 _aRD861.5
_bC697s
100 1 _aCollado, Mon
_942933
245 1 0 _aSoy sombra /
_cMon Collado ; prólogo Federico Jovine Bermúdez ; corrección Milady González.
260 _aSanto Domingo :
_bNacional,
_c2015.
300 _a65 p. ;
_c23 cm.
590 _aInventariado, 2019 / DG
650 0 _aPoesía dominicana
_966
650 0 _aLiteratura dominicana.
_967
700 1 _aJovine Bermúdez, Federico,
_d1944-2017
_epról.
_925425
700 1 _aGonzález, Milady,
_ecorrección
_942934
910 _aValidado. Control de calidad MFF
999 _c19800
_d19800